Pep Guardiola's Bayern - Statistics

General Stats
  • This quiz has been taken 38 times
  • The average score is 31 of 44
Answer Stats
Rank Player Position Nationality Matches Goals Assists % Correct
4 David Alaba Centre-Back 124 11 16
100%
1 Manuel Neuer Goalkeeper 152 0 0
100%
3 Philipp Lahm Right-Back 126 4 13
100%
8 Robert Lewandowski Centre-Forward 100 67 20
100%
2 Thomas Müller Second Striker 148 79 47
100%
9 Arjen Robben Right Winger 97 47 30
97%
23 Claudio Pizarro Centre-Forward 43 12 5
97%
11 Franck Ribéry Left Winger 84 27 31
97%
16 Javi Martínez Centre-Back 64 2 2
97%
6 Jérôme Boateng Centre-Back 118 4 11
97%
19 Mario Mandžukić Centre-Forward 48 26 10
97%
24 Xherdan Shaqiri Attacking Midfield 42 9 6
97%
20 Arturo Vidal Central Midfield 48 7 12
94%
7 Mario Götze Attacking Midfield 114 36 24
94%
5 Rafinha Right-Back 121 0 15
94%
12 Thiago Alcántara Central Midfield 80 9 14
94%
10 Dante Centre-Back 88 4 5
91%
26 Kingsley Coman Left Winger 35 6 12
91%
13 Xabi Alonso Defensive Midfield 79 6 8
91%
15 Bastian Schweinsteiger Central Midfield 64 13 13
85%
22 Douglas Costa Right Winger 43 7 18
85%
14 Juan Bernat Left-Back 76 1 5
85%
21 Medhi Benatia Centre-Back 46 3 3
85%
25 Joshua Kimmich Defensive Midfield 36 0 2
79%
28 Pierre-Emile Højbjerg Defensive Midfield 23 0 1
79%
38 Sven Ulreich Goalkeeper 3 0 0
79%
36 Pepe Reina Goalkeeper 3 0 0
76%
30 Daniel Van Buyten Centre-Back 19 1 0
73%
27 Holger Badstuber Centre-Back 25 1 1
70%
18 Toni Kroos Central Midfield 51 4 9
70%
17 Sebastian Rode Central Midfield 52 4 7
58%
34 Tom Starke Goalkeeper 3 0 0
45%
31 Diego Contento Left-Back 13 0 1
42%
39 Julian Green Central Midfield 2 0 0
42%
32 Jan Kirchhoff Defensive Midfield 12 0 0
36%
29 Mitchell Weiser Right-Back 20 1 4
36%
35 Serdar Taşçı Centre-Back 3 0 0
36%
33 Gianluca Gaudino Defensive Midfield 11 0 0
30%
37 Lukas Raeder Goalkeeper 3 0 1
24%
44 Milos Pantovic Attacking Midfield 1 0 0
21%
42 Sinan Kurt Left Winger 1 0 0
18%
43 Lukas Görtler Right Midfield 1 0 0
12%
41 Ylli Sallahi Left-Back 1 0 0
12%
40 Rico Strieder Defensive Midfield 1 0 0
9%
No matching quizzes found
Score Distribution
Percent of People with Each Score
Percentile by Number Answered
Your Score History
You have not taken this quiz